000 00740nam a22001815i 4500
001 158704
003 ES-MaACL
005 20230906211257.0
008 040902s1891 xx a |||| | eng d
040 _aCAM
_bspa
_cCAM
100 1 _aMarcou, Jules.
_976547
245 1 0 _aGeology of the environs of Quebec, with map and sections /
_cby Jules Marcou.
260 _a[S.l. :
_bs.n.,
_cs.a.]
300 _aP. 202-227, [2] p., [3] h. de lám. ;
_c23 cm.
500 _aTirada aparte con portadilla propia de las pp. 202-227 de "Bost. Soc. Nat. Hist." Vol. XXV, [Jan. 21, 1891]
650 4 _aGeología-
_zCanadá.
_9157304
852 _aES-MaACL
_jT-901-F-9
_z-- Enc. hol.
_z-- Legado Federico de Botella y de Hornos
_z-- Enc. en un vol. facticio
999 _c158704
_d158704